000 00596nam a2200217Ia 4500
001 17318
003 GE_BSU
008 181216s||||||||xx |||||||||||||| ||und||
040 _cGE_BSU
080 _a821.353.1-32
100 _aმგალობლიშვილი,სოფრომ
245 _aჯორ-ზაქარა
245 _bმოთხრობა
245 _cრედ.:ა.ბაჩიძე
260 _aთბილისი
260 _bცოდნა
260 _c1964
300 _a104გვ.;20სმ.
653 _aმოთხრობა
942 _cBK
999 _c50377
_d50377